000 00748nam a2200241 a 4500
001 2618710
003 OSt
005 20150720095015.0
008 990415s1999 txua b 001 0 eng
010 _a 98071721
020 _a0155055240
040 _aSEKU
050 0 0 _aJF 1351
_b.D4 1999
100 1 _aDenhardt, Robert B.
245 1 0 _aPublic administration :
_ban action orientation.
250 _a3rd ed. /
_bRobert B. Denhardt with Joseph W. Grubbs.
260 _aFort Worth, TX :
_bHarcourt Brace College Publishers,
_cc1999.
300 _axxi, 474 p. :
_bill. ;
_c25 cm.
504 _aIncludes bibliographical references (p. 429-445) and index.
650 0 _aPublic administration.
700 1 _aGrubbs, Joseph W.
942 _2lcc
_cGEN
999 _c6300
_d6300